• 首页
  • 本馆介绍
  • 公告通知
  • 最新文献
  • 馆藏检索
  • 电子资源
  • 读者导购
  • 参考咨询
  • 我的图书馆
  • 登录
  • 详细信息显示
  • 放入我的书架
  • 预约/预借图书
  • 作者相关作品
  • 分类相关作品
  • 丛书相关作品
  • 出版社相关作品

书目信息

  • 表格格式
  • 工作单格式
  • 卡片格式
题名:
地球物理反演基本理论与应用方法
    
 
作者: 姚姚 主编
分册:  
出版信息: 武汉   中国地质大学出版社  2002
页数: 139页
开本: 26cm
丛书名:
单 册:
中图分类: P312
科图分类:
主题词: 重力学 , 地球形状
电子资源:
ISBN: 7-5625-1708-8
000 00693nam0 2200229 450
001 0555129921
005 20051020152658.93
010    @a7-5625-1708-8@dCNY20.00
092    @aCN
100    @a20051020d2002 km y0chiy0120 ea
101 0  @achi
102    @aCN@b420000
200 1  @a地球物理反演基本理论与应用方法@Adi qiu wu li fan yan ji ben li lun yu ying yong fang fa@f姚姚主编@Fyao yao zhu bian
210    @a武汉@c中国地质大学出版社@d2002
215 1  @a139页@d26cm
300    @a中国地质大学"211"工程建设重点资助"地球物理勘查系列课"教材
606 0  @a重力学
606 0  @a地球形状
690    @aP312@v4
701  0 @a姚姚@Ayao yao@4主编
801  0 @aCN@bPFT@c20051020
905    @a10447@dP312@e57
    
    地球物理反演基本理论与应用方法/姚姚主编.-武汉:中国地质大学出版社,2002
    139页;26cm
    中国地质大学"211"工程建设重点资助"地球物理勘查系列课"教材
    
    ISBN 7-5625-1708-8:CNY20.00
    
●
相关链接 在E读中查询图书 在五车中查询图书 在当当中查询图书 在豆瓣中查询图书


正题名:地球物理反演基本理论与应用方法     索取号:P312/57         预约/预借

序号 登录号 条形码 馆藏地/架位号 状态 备注
1 0349223   203492238   第二样本阅览室/ [索取号:P312/57] 在馆    
2 0349224   203492247   第三借阅区/ [索取号:P312/57] 在馆    
3 0349225   203492256   第三借阅区/ [索取号:P312/57] 在馆    
4 0349226   203492265   第三借阅区/ [索取号:P312/57] 在馆    
5 0349227   203492274   第三借阅区/ [索取号:P312/57] 在馆    
唐山师范学院图书馆 欢迎您!
大连网信软件有限公司© 版权所有